The descriptors for charactrerization and evaluation in plant genetic resources

Guardat en:
Dades bibliogràfiques
Format: Llibre
Idioma:Undetermined
Publicat: Tokyo National Institute of Agrobiological Resources 1999
Matèries:
Etiquetes: Afegir etiqueta
Sense etiquetes, Sigues el primer a etiquetar aquest registre!
Thư viện lưu trữ: Trung tâm Học liệu Trường Đại học Cần Thơ
LEADER 00600nam a2200169Ia 4500
001 CTU_168059
008 210402s9999 xx 000 0 und d
082 |a 631.5233 
082 |b D449/Vol.1 
245 4 |a The descriptors for charactrerization and evaluation in plant genetic resources 
245 0 |c Edited by Tsukasa Nagamine, Hisato Takeda 
260 |a Tokyo 
260 |b National Institute of Agrobiological Resources 
260 |c 1999 
650 |a Plant genetic resources,Di truyền học nông nghiệp 
910 |a Nguyên 
980 |a Trung tâm Học liệu Trường Đại học Cần Thơ